[Event "Box Hill op"]
[Site "Box Hill"]
[Date "2001.10.12"]
[Round "6.15"]
[White "Umber, George"]
[Black "Jukic, Davor"]
[Result "0-1"]
[WhiteElo "1552"]
[BlackElo "1728"]
[PlyCount "48"]
[EventDate "2001.09.??"]
[EventType "swiss"]
[EventRounds "7"]
[EventCountry "AUS"]
[SourceTitle "EXT 2003"]
[Source "ChessBase"]
[SourceDate "2002.11.25"]
[SourceVersion "1"]
[SourceVersionDate "2002.11.25"]
[SourceQuality "1"]

1. d4 d5 2. c4 e6 3. Nc3 Nf6 4. cxd5 exd5 5. Bg5 Nbd7 6. e3 c6 7. Qc2 Be7 8. Bd3 0-0 9. Nf3 Re8 10. 0-0 Nf8 11. Rab1 a5 12. a3 Ne4 13. Bxe7 Qxe7 14. Na4 Ng6 15. Nb6 Bg4 16. Bxe4 dxe4 17. Ne1 Rad8 18. Nc4 Nh4 19. Ne5 Qg5 20. Nxg4 Qxg4 21. Qd1 Qg5 22. Rc1 Rd6 23. Rc5 Qxc5 24. Qg4 Qb6 0-1

[Event "Box Hill op"]
[Site "Box Hill"]
[Date "2001.09.28"]
[Round "4.14"]
[White "Umber, George"]
[Black "Waller, Antony"]
[Result "0-1"]
[WhiteElo "1552"]
[BlackElo "1766"]
[PlyCount "98"]
[EventDate "2001.09.??"]
[EventType "swiss"]
[EventRounds "7"]
[EventCountry "AUS"]
[SourceTitle "EXT 2003"]
[Source "ChessBase"]
[SourceDate "2002.11.25"]
[SourceVersion "1"]
[SourceVersionDate "2002.11.25"]
[SourceQuality "1"]

1. d4 Nf6 2. c4 c5 3. d5 b5 4. cxb5 a6 5. bxa6 Bxa6 6. g3 d6 7. Bg2 g6 8. Nc3 Bg7 9. Nf3 0-0 10. 0-0 Nbd7 11. Re1 Qb6 12. Qc2 Ng4 13. h3 Nge5 14. Nxe5 Nxe5 15. Rb1 Rfb8 16. b3 Ra7 17. Bb2 Rab7 18. Na4 Qa7 19. Ba1 c4 20. Qd1 cxb3 21. axb3 Bc4 22. Bd4 Nf3+ 23. Bxf3 Bxd4 24. e3 Bg7 25. Qd2 Rxb3 26. Rxb3 Rxb3 27. Qa2 Rb4 28. Qc2 Qxa4 29. Qxa4 Rxa4 30. Rb1 Ra1 31. Rxa1 Bxa1 32. Kg2 Kg7 33. e4 Kf6 34. Bd1 Ke5 35. f3 Bd3 36. g4 Kf4 37. h4 Ke3 38. g5 Be2 39. Bxe2 Kxe2 40. Kg3 f5 41. exf5 gxf5 42. Kf4 Be5+ 43. Kxf5 Kxf3 44. h5 Ke3 45. g6 hxg6+ 46. hxg6 Kd4 47. Ke6 Bf6 48. g7 Bxg7 49. Kxe7 Kxd5 0-1

[Event "Box Hill CC-ch"]
[Site "Box Hill"]
[Date "2000.06.23"]
[Round "8.16"]
[White "Umber, George"]
[Black "O'Connor, Phillip"]
[Result "1/2-1/2"]
[WhiteElo "1606"]
[BlackElo "1427"]
[PlyCount "50"]
[EventDate "2000.??.??"]
[EventType "swiss"]
[EventRounds "9"]
[EventCountry "AUS"]
[SourceTitle "EXT 2003"]
[Source "ChessBase"]
[SourceDate "2002.11.25"]
[SourceVersion "1"]
[SourceVersionDate "2002.11.25"]
[SourceQuality "1"]

1. d4 e5 2. dxe5 Nc6 3. Nf3 Qe7 4. Nbd2 Nxe5 5. Nxe5 Qxe5 6. c3 d5 7. Nf3 Qd6 8. e3 Nf6 9. h3 g6 10. Bd3 Bg7 11. Qc2 0-0 12. 0-0 b6 13. b3 Bb7 14. Bb2 c5 15. Be2 Rfe8 16. c4 Rad8 17. cxd5 Bxd5 18. Rfd1 Qb8 19. Ne1 Re6 20. Bf3 Bxf3 21. Nxf3 Red6 22. Be5 Rxd1+ 23. Rxd1 Rxd1+ 24. Qxd1 Qe8 25. Qa1 Nh5 1/2-1/2

[Event "Box Hill CC-ch"]
[Site "Box Hill"]
[Date "2000.05.19"]
[Round "3.41"]
[White "Richter, Sally Anne"]
[Black "Umber, George"]
[Result "0-1"]
[WhiteElo "1113"]
[BlackElo "1606"]
[PlyCount "144"]
[EventDate "2000.??.??"]
[EventType "swiss"]
[EventRounds "9"]
[EventCountry "AUS"]
[SourceTitle "EXT 2003"]
[Source "ChessBase"]
[SourceDate "2002.11.25"]
[SourceVersion "1"]
[SourceVersionDate "2002.11.25"]
[SourceQuality "1"]

1. e4 e6 2. d4 d5 3. e5 b6 4. Nf3 Ba6 5. Bxa6 Nxa6 6. b3 c5 7. c3 cxd4 8. cxd4 Rc8 9. Be3 Nb4 10. Na3 Ne7 11. 0-0 Nf5 12. Rc1 Nxa2 13. Rxc8 Qxc8 14. Qe2 Nc3 15. Qb2 Bxa3 16. Qxa3 Nb5 17. Rc1 Qd7 18. Qa6 0-0 19. h3 Ne7 20. Bd2 Rc8 21. Rxc8+ Nxc8 22. Qa4 Qc6 23. Be3 Ne7 24. b4 h6 25. g4 Qc3 26. Nd2 Qc6 27. Qa1 Qb7 28. Nb1 Nc6 29. Qb2 Qe7 30. Na3 Nxa3 31. Qxa3 Qxb4 32. Qxb4 Nxb4 33. Bd2 Nc6 34. Bc3 Kf8 35. Kf1 Ke8 36. Ke2 Kd8 37. Kd2 Nb8 38. Kc2 Kc7 39. Kb3 Kc6 40. f4 Nd7 41. h4 Kb5 42. h5 a5 43. g5 a4+ 44. Kb2 Kc4 45. Kc2 b5 46. Bb2 b4 47. Kb1 a3 48. Bxa3 bxa3 49. Ka2 Kxd4 50. Kxa3 Ke4 51. Kb3 Kxf4 52. Kc3 Nxe5 53. Kd4 Nf3+ 54. Kd3 Nxg5 55. Kd2 e5 56. Ke2 e4 57. Kd2 Kf3 58. Ke1 d4 59. Kf1 d3 60. Ke1 e3 61. Kd1 Kf2 62. Kc1 e2 63. Kd2 e1Q+ 64. Kxd3 Qe3+ 65. Kc4 Ke2 66. Kd5 f5 67. Kd6 f4 68. Kc6 f3 69. Kb7 f2 70. Ka6 f1Q 71. Ka5 Qb3 72. Ka6 Qa1# 0-1

[Event "Box Hill Autumn Cup"]
[Site "Box Hill"]
[Date "2000.03.31"]
[Round "9.17"]
[White "Umber, George"]
[Black "Lycett, Garry"]
[Result "1/2-1/2"]
[WhiteElo "1462"]
[BlackElo "1514"]
[PlyCount "58"]
[EventDate "2000.??.??"]
[EventType "swiss"]
[EventRounds "9"]
[EventCountry "AUS"]
[SourceTitle "EXT 2003"]
[Source "ChessBase"]
[SourceDate "2002.11.25"]
[SourceVersion "1"]
[SourceVersionDate "2002.11.25"]
[SourceQuality "1"]

1. d4 d5 2. c4 e6 3. Nc3 Nf6 4. Bg5 Be7 5. cxd5 exd5 6. e3 0-0 7. Bd3 c6 8. Qc2 h6 9. Bh4 Re8 10. Nf3 Be6 11. 0-0 Nbd7 12. Rab1 Qc7 13. Bg3 Qa5 14. h3 Bb4 15. a3 Bxc3 16. Qxc3 Qxc3 17. bxc3 b5 18. Nd2 Nb6 19. Rfc1 Rac8 20. Nb3 Ne4 21. Bxe4 dxe4 22. Nc5 Bc4 23. Ra1 f5 24. a4 Re7 25. a5 Nd5 26. Bd6 Rf7 27. g3 Rd8 28. Be5 Nf6 29. Bxf6 Rxf6 1/2-1/2